000 00435nam a2200157Ia 4500
008 151213s9999 xx 000 0 und d
100 _aL. Sue Bough & others
245 _aHow to write first class business letters
_cL. Sue Bough & others
250 _a2nd
260 _aNew Delhi
_bViva books
_c2000
300 _a855 p.
650 _a English Language
650 _aEnglish Language
700 _aL. Sue Bough & others
999 _c969
_d969